000
00279nam a2200121Ia 4500
008
221102s9999 xx 000 0 und d
041
_a
eng
082
_b
Ram
100
_a
Ramji Lall
245
_a
Preface to Shakespeare
250
_a
29
260
_b
Rama Brothers
_c
1905-07-02
999
_c
82043
_d
82043